000 02744cam a22005414 4500
003 PE-LiUPU
005 20250731173336.0
008 1979 sp rb 000 0 spa
020 _a8430107851
020 _a9788430107858
035 _a(Sirsi) i9788430107858
035 _a(Sirsi) 10438
035 _a(Sirsi) 10438
082 0 4 _a262.72
_bG25
100 1 _aGarrido Sanz, Alfonso,
_eautor.
245 1 3 _aLa iglesia en el pensamiento de Paul Tillich /
_cAlfonso Garrido Sanz.
264 1 _aSalamanca :
_bEdiciones Sígueme,
_c1979
300 _a339 páginas ;
_c21 centímetros.
336 _atext
_2rdacontent
337 _aunmediated
_2rdamedia
338 _avolume
_2rdacarrier
490 0 _aVerdad e Imagen ;
_v60
504 _aIncluye bibliografía
505 0 _aÉpoca de preparación -- La vida en plenitud -- El sistema -- Génesis y la evolución de la terminología eclesiológica -- El hombre ante Dios. El ±Espiritu¿ y la vida -- Jesús como el Cristo: fundamento de la comunidad espiritual -- La iglesia como comunidad espiritual del nuevo ser en Cristo -- La iglesia como comunidad espiritual de la fe -- La iglesia como comunidad espiritual de amor -- El sacramento y la palabra en la iglesia -- Notas de la iglesia -- La conversión cristiana -- El proceso de santificación cristiana. Humanismo integral del cristiano -- Dinámica interior de la iglesia como comunidad -- La iglesia como mediadora. Función constitutiva -- La iglesia predicadora del mensaje. Función expansiva -- La iglesia y las creaciones de la cultura. Función constructiva -- La iglesia y las creaciones de la cultura. Función constructiva práctica -- Iglesia-mundo. Función relacional.
526 _aSEG42
526 _aSEG41
526 _aSEG40
526 _aSEG39
526 _aP94
526 _aP87
526 _aP86
526 _aP85
526 _aP77
526 _aP76
526 _aP35
650 1 4 _aIglesia
910 _adbm
_bncf
_cncf
_d20190530
942 _2ddc
_cBOOK
949 _a262.72 G25
_i19404
_lCCODEBUL1
_mBUL
_tLIBRO
_o.STAFF. Circulación
949 _a262.72 G25
_i19147
_lCCODEBUL1
_mBUL
_tLIBRO
_o.STAFF. Circulación
859 _q19404
_h262.72
_iG25
859 _q19147
_h262.72
_iG25
994 _aC0
_bPEPRU
596 _a1
999 _a262.72 G25
_wDEWEY
_c49317
_i19404
_f2021-11-12
_g5
_lCCODEBUL1
_mBUL
_r0
_sY
_tBOOK
_u2015-6-16
_xTEOLOGIA
_zUNKNOWN
_0COMPRA
_o.STAFF. Colección General
_d49317
999 _a262.72 G25
_wDEWEY
_c2
_i19147
_f2021-11-12
_g6
_lCCODEBUL1
_mBUL
_p32.90
_r0
_sY
_tBOOK
_u2015-6-16
_xTEOLOGIA
_PP35
_0COMPRA
_o.STAFF. Colección Teología
980 _81
_gALBERTO SANCHEZ Responsable de Automatización